000 00571nam a2200193Ia 4500
003 GCL
008 140319s9999 xx 000 0 ara d
040 _aGCL /
_cGCL
082 0 4 _a811.9
_bع ا
100 1 _aعبدالفتاح الطاهر الخطيب
245 1 0 _aاغاريد /
_cعبدالفتاح الطاهر الخطيب
300 _a94 ص
490 _a
650 0 4 _aالشعر العربى
650 0 4 _aالعصر الحديث
650 0 4 _aالشعر الدينى
650 0 4 _aالشعر العربى - دواوين وقصائد
942 _2ddc
_cBK
999 _c39911
_d39911